Evaluación de factibilidad de implementar un proyecto de capacitación a distancia

El régimen de estudios de una carrera profesional contempla entre sus requerimientos, la realización de una práctica profesional y la elaboración de un seminario de título, cuya finalidad es plasmar en el papel el cúmulo de conocimientos adquiridos en el transcurso de los estudios y durante el desar...

Full description

Bibliographic Details
Main Author: Grenett Godoy, R. Patricio
Other Authors: Uebelhor M., Jorge (profesor guía)
Format: Tesis
Language:Spanish
Published: Santiago, Chile: Universidad Academia de Humanismo Cristiano, 1994.
Subjects:
Online Access:Disponible en línea (PDF). Biblioteca Digital UAHC

MARC

LEADER 00000nmm a22000007a 4500
001 044601
003 UAHC_CL
005 20230120103126.0
008 010822b cl o d 000 spa
040 |a UAHC_CL  |c UAHC_CL  |d UAHC_CL 
100 1 |a Grenett Godoy, R. Patricio 
245 1 0 |a Evaluación de factibilidad de implementar un proyecto de capacitación a distancia  |c Patricio Grenett Godoy, R. y Jorge Uebelhor M., profesor guía. 
260 |a Santiago, Chile:  |b Universidad Academia de Humanismo Cristiano,  |c 1994. 
300 |a 56 páginas. 
500 |a Tesis para optar al título de Ingeniero Comercial y al grado de Licenciado en Ciencias en la Administración de Empresas. 
502 |a Tesis (Ingeniería Comercial). -- Universidad Academia de Humanismo Cristiano, 1994. 
516 |a Tesis electrónica (PDF). Solicitar envío de documento a biblioteca@academia.cl. 
520 |a El régimen de estudios de una carrera profesional contempla entre sus requerimientos, la realización de una práctica profesional y la elaboración de un seminario de título, cuya finalidad es plasmar en el papel el cúmulo de conocimientos adquiridos en el transcurso de los estudios y durante el desarrollo de la práctica. Por ser el origen del presente informe la culminación de un programa especial para la titulación de Ingeniero Comercial, se obvia la realización del periodo de práctica, dado que, quienes ingresamos, poseemos una vasta experiencia laboral y académica en las Ciencias de la Administración y comerciales. En razón de lo anterior, he querido escoger como tema de mi Seminario de titulación, en el área de Administración del Recurso Humano, a objeto de poder compartir mi experiencia, específicamente en lo que dice relación con su desarrollo y entrenamiento. 
650 0 |a Administración de personal  |9 11028 
650 0 |a Capacitación de empleados   |9 14378  |x Administración  |z Chile  
700 |a Uebelhor M., Jorge  |9 14377  |e profesor guía 
856 |u http://bibliotecadigital.academia.cl/xmlui/handle/123456789/5908  |y Disponible en línea (PDF). Biblioteca Digital UAHC 
900 |a TINGECO 30 
942 |c TS  |2 ddc 
952 |0 0  |1 0  |4 0  |6 TINGECO_30_000000000000000  |7 0  |8 COMP  |9 82357  |a BC  |b BC  |c Digital  |d 2017-08-03  |o TINGECO 30  |r 2019-01-15 00:00:00  |w 2017-08-03  |y TS  |z Documento en PDF  |B ICOM 
999 |c 44601  |d 44601